| 000 | 00824nam a22002177a 4500 | ||
|---|---|---|---|
| 999 |
_c18236 _d18236 |
||
| 003 | AR-CdUCM | ||
| 008 | 190513b ||||| |||| 00| 0 spa d | ||
| 040 |
_aMUNICIPALIDAD PROVINCIAL DEL CUSCO _cBIBLIOTECA MUNICIPAL DEL CUSCO |
||
| 082 |
_a830.9 / _bP23 |
||
| 100 |
_aLangenbucher, Wolfgang _938703 |
||
| 245 |
_aPanorama de la literatura alemana : _bDesde la edad media hasta la época contemporánea / |
||
| 260 |
_aBuenos Aires : _bSudamericana, _c1974. |
||
| 300 |
_a306 páginas ; _c21 cm. |
||
| 505 | _aContenido : El cantar de Hildebrand -- Wolfram Von Eschenbach Parzifal -- Walther von Vogelweide ... | ||
| 650 |
_aLiteratura _983 |
||
| 650 |
_aAlemana _938704 |
||
| 650 |
_aSiglo XX _98 |
||
| 700 |
_aMendilaharzu de Machain, Nélida (traducción) _938705 |
||
| 942 |
_2ddc _cLIBROS |
||
| 945 |
_arah _d2019/05/13 |
||